| 000 | 00552nam a22001817a 4500 | ||
|---|---|---|---|
| 008 | 131028t sp||||| |||| 00| 0 spa d | ||
| 020 | _a9788496775152 | ||
| 050 | 0 | 4 |
_aN8213 _bP35 2007 |
| 245 | 0 | 0 |
_aPaisaje y arte / _cDir. Javier Maderuelo. |
| 250 | _a1a ed. | ||
| 260 |
_aBarcelona, España : _bCentro de Arte y Naturaleza, _c2007 |
||
| 300 |
_a266 p. : _bil.; _c21 cm. |
||
| 504 | _aIncluye bibliografias e índice | ||
| 650 | 7 |
_2Lemb _aPaisaje _xArte |
|
| 650 | 7 |
_2Lemb _aPaisaje _xFilosofia |
|
| 700 | 1 | _aMaderuelo, Javier, dir. | |
| 942 |
_2ddc _cLIB |
||
| 999 |
_c44103 _d44103 |
||